Statistics for Wards of Hiroshima City

Click here to take the quiz!

General Stats

  • This quiz has been taken 6 times
  • The average score is 6 of 8

Answers on the Map

Answers color-coded by a green-red scale on the quiz's map according to % correct below.
 

Answer Stats

Answer% Correct
Aki 安芸
100%
Higashi 東
80%
Minami 南
80%
Naka 中
80%
Nishi 西
80%
Saeki 佐伯
80%
Asakita 安佐北
60%
Asaminami 安佐南
60%

Score Distribution

Percentile by Number Answered

Percent of People with Each Score

Your Score History

You have not taken this quiz